| 000 | 00495nam a22001937a 4500 | ||
|---|---|---|---|
| 005 | 20260324121350.0 | ||
| 008 | 260324b |||||||| |||| 00| 0 eng d | ||
| 020 | _a9788120803251 | ||
| 040 | _cFLL | ||
| 041 |
_2eng _aeng |
||
| 084 | _aY15-73(Q2),2 | ||
| 100 | _aAltekar, A.S | ||
| 245 | _aPosition of Women in Hindu Civilization | ||
| 250 | _a2nd. | ||
| 260 |
_aDelhi _bMotilal Banarsidass _c1959 |
||
| 300 | _axvi,378p | ||
| 650 |
_aWomen Study in I.K.S _91162239 |
||
| 942 |
_2CC _cTB |
||
| 999 |
_c1754290 _d1754290 |
||